000 01274nam a2200325 i 4500
003 EG-GICUC
005 20260204182525.0
008 260108s2007 ua |||fr|||| 00| 0 ara d
017 _a7146/2006
020 _a9772282554
040 _a EG-GICUC
_bara
_c EG-GICUC
_d EG-GICUC
_erda
041 0 _aAra
082 0 4 _221
_a343.35
_bع ا . م
092 0 4 _221
099 _aLaw1 10 343.35 ع ا . م 2007
100 0 _aعادل عبدالعال خراشى
_eمؤلف.
245 1 2 _aالمخبر الخاص ومدى شرعية الإستعانة به فى الكشف عن الجريمة وضمانات تطبيقه فى الفقه الإسلامى والقانون الإجرائى/
_cتأليف الدكتور عادل عبدالعال خراشى.
264 1 _aالإسكندرية :
_bدار الجامعة الجديدة،
_c2007.
300 _a115 صفحة؛
_c24 سم.
336 _2rda content
_atext
337 _2rda media
_aComputer
338 _2rda carrier
_aOnline Resource
546 _aالنص باللغة العربية
650 1 _aالإستدلال
_2qrmak
650 1 _aالقانون الجنائى
_2qrmak
651 1 _2qrmak
856 4 0 _uhttps://fll.law.cu.edu.eg/fulltext/bks/ B10-07478.pdf
905 _a54
942 _2ddc
_cBK
_e21
_n0
999 _c55516
_d55516